One new humanity: The Challenge of AIDS (Record no. 22899)

MARC details
000 -LEADER
fixed length control field 00399cam a2200133 i 4500
082 ## - DEWEY DECIMAL CLASSIFICATION NUMBER
Classification number 616.9
Author Cutter BAY
100 ## - MAIN ENTRY--AUTHOR NAME
Author name Bayley, Anne
245 10 - TITLE STATEMENT
Title One new humanity: The Challenge of AIDS
260 ## - PUBLICATION, DISTRIBUTION, ETC. (IMPRINT)
Place of publication Delhi
Name of publisher ISPCK
Year of publication 2010
300 ## - PHYSICAL DESCRIPTION
Number of Pages 330 pages :
Other physical details illustrations (chiefly color) ;
650 #0 - SUBJECT ADDED ENTRY--TOPICAL TERM
Topical Term AIDS (Disease) -- Moral and ethical aspects.
-- AIDS (Disease) -- Social aspects.
942 ## - ADDED ENTRY ELEMENTS (KOHA)
Koha item type Books
Holdings
Home library Current library Shelving location Date acquired Source of acquisition Cost, normal purchase price Full call number Accession Number Koha item type
Henry Martyn Institute Library Henry Martyn Institute Library General stacks 06/04/2020 ISPCK 75.00 616.9 BAY 11-4274 Books
Henry Martyn Institute Library Henry Martyn Institute Library General stacks 06/04/2020 ISPCK 75.00 616.9 BAY 11-4273 Books
Henry Martyn Institute Library Henry Martyn Institute Library General stacks 06/04/2020 ISPCK 75.00 616.9 BAY 11-4272 Books
                   Copyright © 2026 | Henry Martyn Institute | Hyderabad | TS-500052 | INDIA | Implemented by hmi.edu.in
Hit-Count:

Powered by Koha